Dorpen en Steden van Drenthe - Statistieken

Algemene statistieken
  • Deze quiz is 287 keer genomen
  • De gemiddelde score is 64 van 227
Antwoordstatistieken
Gemeente Kern % Correct
Assen Assen
93%
Emmen Emmen
92%
Hoogeveen Hoogeveen
88%
Meppel Meppel
83%
Coevorden Coevorden
77%
Midden-Drenthe Beilen
75%
Borger-Odoorn Borger
75%
Noordenveld Een-West
68%
Emmen Nieuw-Amsterdam
67%
Emmen Klazienaveen
65%
Borger-Odoorn Odoorn
65%
Aa en Hunze Gieten
62%
Aa en Hunze Rolde
62%
Midden-Drenthe Westerbork
60%
Aa en Hunze Gasselte
58%
Noordenveld Norg
58%
Noordenveld Roden
58%
Tynaarlo Tynaarlo
58%
Emmen Erica
57%
Coevorden Sleen
57%
Tynaarlo Zuidlaren
57%
Aa en Hunze Grolloo
55%
Borger-Odoorn Exloo
53%
Midden-Drenthe Smilde
53%
Westerveld Dwingeloo
52%
Emmen Emmer-Compascuum
52%
Aa en Hunze Annen
48%
Hoogeveen | Westerveld Pesse *
48%
De Wolden Ruinerwold
48%
Midden-Drenthe Bovensmilde
47%
Coevorden Dalen
47%
De Wolden De Wijk
47%
De Wolden | Westerveld Ruinen *
47%
Tynaarlo Vries
47%
Aa en Hunze Eext
45%
Aa en Hunze Gasselternijveen
45%
Emmen Schoonebeek
45%
Borger-Odoorn Valthe
45%
De Wolden Zuidwolde
45%
Noordenveld Een
43%
Midden-Drenthe Hooghalen
43%
Midden-Drenthe Oranje
43%
Emmen Barger-Compascuum
42%
Tynaarlo Eelde
42%
Tynaarlo Midlaren
42%
Emmen Nieuw-Weerdinge
42%
Aa en Hunze Anloo
40%
Coevorden Erm
40%
Tynaarlo Paterswolde
40%
Noordenveld Peize
40%
Coevorden Schoonoord
40%
Westerveld Vledder
40%
Emmen Nieuw-Dordrecht
38%
Aa en Hunze Schoonloo
38%
Emmen Zwartemeer
38%
Westerveld Diever
37%
Aa en Hunze Gasselternijveenschemond
37%
Westerveld Havelte
37%
Hoogeveen Hollandscheveld
37%
Midden-Drenthe | Westerveld Hoogersmilde *
37%
Borger-Odoorn Nieuw-Buinen
37%
Borger-Odoorn Valthermond
37%
Borger-Odoorn Buinen
35%
Aa en Hunze Eexterveen
35%
Borger-Odoorn 2e Exloërmond
33%
Aa en Hunze Amen
33%
Coevorden Gees
33%
Aa en Hunze Gieterveen
33%
Coevorden Aalden
32%
Aa en Hunze Balloo
32%
Borger-Odoorn Ees
32%
Hoogeveen Elim
32%
Borger-Odoorn Klijndijk
32%
Coevorden Oosterhesselen
32%
Midden-Drenthe | Westerveld Spier *
32%
Noordenveld Veenhuizen
32%
Aa en Hunze Anderen
30%
Westerveld Dieverbrug
30%
Aa en Hunze Gasteren
30%
Assen Loon
30%
Aa en Hunze Nooitgedacht
30%
Emmen Weiteveen
30%
Midden-Drenthe Wijster
30%
Borger-Odoorn 1e Exloërmond
28%
Borger-Odoorn Buinerveen
28%
Coevorden Dalerveen
28%
Westerveld Frederiksoord
28%
De Wolden Koekange
28%
Meppel Nijeveen
28%
Midden-Drenthe Orvelte
28%
Coevorden Geesbrug
27%
Emmen Nieuw-Schoonebeek
27%
Coevorden Noord-Sleen
27%
Westerveld Wapse
27%
Westerveld Darp
25%
Tynaarlo De Punt
25%
Borger-Odoorn Drouwen
25%
Tynaarlo Taarlo
25%
Westerveld Uffelte
25%
Emmen Zandpol
25%
Aa en Hunze Annerveenschekanaal
23%
Tynaarlo Donderen
23%
Hoogeveen Fluitenberg
23%
Midden-Drenthe Hijken
23%
Emmen Roswinkel
23%
Tynaarlo Yde
23%
Tynaarlo Zeijen
23%
Coevorden Zweeloo
23%
De Wolden | Hoogeveen | Noordenveld Alteveer
22%
Coevorden De Kiel
22%
De Wolden Echten
22%
Aa en Hunze Eexterveenschekanaal
22%
Coevorden Meppen
22%
Aa en Hunze Papenvoort
22%
Meppel Rogat
22%
Aa en Hunze Schipborg
22%
Westerveld Wapserveen
22%
Coevorden Wezup
22%
Westerveld Wilhelminaoord
22%
Midden-Drenthe Witteveen
22%
Midden-Drenthe Zwiggelte
22%
Aa en Hunze Balloërveld
20%
Emmen Klazienaveen-Noord
20%
Coevorden | Hoogeveen Nieuwlande *
20%
Tynaarlo Oudemolen
20%
Noordenveld Peest
20%
Coevorden Wachtum
20%
De Wolden | Westerveld Ansen *
18%
Midden-Drenthe Balinge
18%
Aa en Hunze Deurze
18%
Tynaarlo Eelderwolde
18%
Aa en Hunze Nieuw Annerveen
18%
Noordenveld Nieuw-Roden
18%
Borger-Odoorn Odoornerveen
18%
Aa en Hunze Oud Annerveen
18%
Hoogeveen | Midden-Drenthe Tiendeveen *
18%
Assen Ubbena
18%
Westerveld Vledderveen
18%
Coevorden Wezuperbrug
18%
Tynaarlo Zeegse
18%
Coevorden Zwinderen
18%
Tynaarlo Bunne
17%
Coevorden Dalerpeel
17%
Coevorden Diphoorn
17%
Midden-Drenthe Drijber
17%
Borger-Odoorn Eeserveen
17%
Aa en Hunze Eexterzandvoort
17%
Aa en Hunze Ekehaar
17%
Borger-Odoorn Exloërveen
17%
Noordenveld Langelo
17%
Noordenveld Nietap
17%
Westerveld Nijensleek
17%
Assen Rhee
17%
Coevorden Stieltjeskanaal
17%
Coevorden 't Haantje
17%
De Wolden Veeningen
17%
Emmen Veenoord
17%
Noordenveld Westervelde
17%
Borger-Odoorn 2e Valthermond
15%
Westerveld Doldersum
15%
Borger-Odoorn Drouwenerveen
15%
Westerveld Geeuwenbrug
15%
Midden-Drenthe Mantinge
15%
Midden-Drenthe Nieuw-Balinge
15%
Noordenveld Roderesch
15%
Noordenveld Roderwolde
15%
Assen Ter Aard
15%
Westerveld Wateren
15%
Assen Zeijerveen
15%
Midden-Drenthe Zuidveld
15%
Borger-Odoorn Bronneger
13%
Midden-Drenthe Garminge
13%
Noordenveld Huis ter Heide
13%
De Wolden Linde
13%
Aa en Hunze Nieuwediep
13%
Aa en Hunze Spijkerboor
13%
Hoogeveen | Midden-Drenthe Stuifzand *
13%
Tynaarlo Winde
13%
Assen Zeijerveld
13%
Midden-Drenthe Bruntinge
12%
Tynaarlo De Groeve
12%
Borger-Odoorn Drouwenermond
12%
Aa en Hunze Eleveld
12%
Borger-Odoorn Ellertshaar
12%
Midden-Drenthe Elp
12%
Coevorden Holsloot
12%
De Wolden Kerkenveld
12%
Noordenveld Lieveren
12%
Westerveld Oude Willem
12%
Borger-Odoorn Zandberg
12%
Coevorden Benneveld
10%
Meppel Broekhuizen
10%
Borger-Odoorn Bronnegerveen
10%
Noordenveld Foxwolde
10%
Aa en Hunze Geelbroek
10%
Aa en Hunze Marwijksoord
10%
Borger-Odoorn Westdorp
10%
Westerveld Wittelte
10%
Westerveld Zorgvlied
10%
Noordenveld Zuidvelde
10%
Meppel De Schiphorst
8%
Westerveld Havelterberg
8%
Hoogeveen | Midden-Drenthe Nieuweroord
8%
Aa en Hunze Nijlande
8%
Hoogeveen Noordscheschut
8%
Aa en Hunze Vredenheim
8%
Tynaarlo Zuidlaarderveen
8%
Aa en Hunze Eldersloo
7%
De Wolden | Midden-Drenthe Eursinge
7%
Noordenveld Leutingewolde
7%
Westerveld Boschoord
5%
De Wolden Drogteropslagen
5%
Noordenveld Matsloot
5%
Noordenveld Steenbergen
5%
Borger-Odoorn Eersergroen
3%
Geen overeenkomende quizzen gevonden
Scoreverdeling
Procent van Mensen met Elke Score
Percentiel versus Aantal Correcte Antwoorden
Uw Scoregeschiedenis
U heeft deze quiz nog niet genomen